Compton's encyclopedia and Fact-index. V.25 : W-Z.
Đã lưu trong:
| 格式: | 图书 |
|---|---|
| 语言: | English |
| 出版: |
USA :
Compton's learning company,
1995.
|
| 主题: | |
| 标签: |
添加标签
没有标签, 成为第一个标记此记录!
|
| Thư viện lưu trữ: | Mạng thư viện Đại học Đà Nẵng |
|---|
| LEADER | 00786cam a2200313 i 4500 | ||
|---|---|---|---|
| 001 | 000044598 | ||
| 003 | 3000 | ||
| 005 | 20030317113610.0 | ||
| 008 | 010220|1995 vm 000 eng | ||
| 020 | |a 0944262023 | ||
| 040 | |a IRC |c IRC |d IRC | ||
| 041 | 0 | |a eng | |
| 082 | 1 | 4 | |a 032 |b Co-E |
| 245 | 0 | 0 | |a Compton's encyclopedia and Fact-index. |n V.25 : |p W-Z. |
| 260 | |a USA : |b Compton's learning company, |c 1995. | ||
| 300 | |a 472P. ; |c 26cm. | ||
| 630 | 0 | 4 | |a Encyclopedia. |
| 630 | 0 | 4 | |a Compton's encyclopedia. |
| 650 | 0 | 4 | |a Encyclopedia, Compton's. |
| OWN | |a DUT | ||
| 999 | |a From the UDN01 | ||
| TYP | |a Monograph | ||
| TYP | |a Printed language | ||
| 980 | |a Mạng thư viện Đại học Đà Nẵng | ||


